000 00487cam a2200205ua 4500
001 7869
008 141229n ii |||gr||||Z||||||hin
020 _a8173154198
040 _cMAIN
041 _ahin
082 _a920
100 _aKalam, A.P.J. A.,
_eAuthor.
245 1 _aAgni ki udan
_cBy A.P.J. Abdul Kalam
250 _a1st.
260 _aNew Delhi:
_bPrabat,
_c2010.
300 _a191p.
653 _aBiography, genealogy & insignia
653 _aAutobiography
942 _cBK
999 _c6989
_d6989